Statistics for Primetime Emmy Award Winners for Outstanding Lead Actor in a Comedy Se

Click here to take the quiz!

General Stats

  • This quiz has been taken 1,758 times
    (445 since last reset)
  • The average score is 27 of 49

Answer Stats

YearTV ShowActor% Correct
200930 RockAlec Baldwin
79%
200830 RockAlec Baldwin
79%
1998FrasierKelsey Grammer
79%
2004FrasierKelsey Grammer
79%
1995FrasierKelsey Grammer
79%
1994FrasierKelsey Grammer
79%
1990CheersTed Danson
77%
1993CheersTed Danson
77%
2014The Big Bang TheoryJim Parsons
74%
2013The Big Bang TheoryJim Parsons
74%
2011The Big Bang TheoryJim Parsons
74%
2010The Big Bang TheoryJim Parsons
74%
1974M*A*S*HAlan Alda
71%
1982M*A*S*HAlan Alda
71%
1987Family TiesMichael J. Fox
70%
2000Spin CityMichael J. Fox
70%
1986Family TiesMichael J. Fox
70%
1988Family TiesMichael J. Fox
70%
2002Everybody Loves RaymondRay Romano
67%
2021Ted LassoJason Sudeikis
65%
2022Ted LassoJason Sudeikis
65%
19973rd Rock from the SunJohn Lithgow
61%
19993rd Rock from the SunJohn Lithgow
61%
19963rd Rock from the SunJohn Lithgow
61%
2020Schitt's CreekEugene Levy
57%
2017AtlantaDonald Glover
54%
2019BarryBill Hader
51%
2018BarryBill Hader
51%
1984Three's CompanyJohn Ritter
46%
2012Two and a Half MenJon Cryer
46%
1978All in the FamilyCarroll O'Connor
42%
1977All in the FamilyCarroll O'Connor
42%
1979All in the FamilyCarroll O'Connor
42%
2005MonkTony Shalhoub
42%
2003MonkTony Shalhoub
42%
2006MonkTony Shalhoub
42%
2007ExtrasRicky Gervais
39%
1983TaxiJudd Hirsch
38%
1981TaxiJudd Hirsch
38%
1992CoachCraig T. Nelson
36%
2015TransparentJeffrey Tambor
33%
2016TransparentJeffrey Tambor
33%
2001Will & GraceEric McCormack
30%
1991Evening ShadeBurt Reynolds
29%
1975The Odd CoupleTony Randall
26%
1989Empty NestRichard Mulligan
21%
1980SoapRichard Mulligan
21%
1985BensonRobert Guillaume
20%
1976Chico and the ManJack Albertson
13%

Score Distribution

Percentile by Number Answered

Percent of People with Each Score

Your Score History

You have not taken this quiz since the last reset